Zwycięzcy Piłkarza Miesiąca Premier League - Statystyki

Ogólne statystyki
  • Ten quiz został rozwiązany 91 razy
  • Średni wynik to 5 z 8
Statystyki odpowiedzi
Miesiac Klub Pilkarz % Poprawnych
Wrzesien Tottenham Heung-Min Son
99%
Pazdziernik Liverpool Mohamed Salah
96%
Grudzien AFC Bournemouth Dominic Solanke
66%
Sierpien Tottenham James Maddison
58%
Luty Manchester United Rasmus Hojlund
56%
Listopad Manchester United Harry Maguire
54%
Styczen Liverpool Diogo Jota
28%
Marzec Fulham Rodrigo Muniz
19%
Nie znaleziono quizów pasujących do podanych kryteriów
Rozkład punktacji
Procent ludzi z każdym wynikiem
Percentyl według liczby udzielonych odpowiedzi
Twoja historia wyników
Nie rozwiązałeś tego quizu